Mastering the micro : (Record no. 185874)
[ view plain ]
| 000 -LEADER | |
|---|---|
| fixed length control field | 01062 a2200241 4500 |
| 003 - CONTROL NUMBER IDENTIFIER | |
| control field | NUST |
| 005 - DATE AND TIME OF LATEST TRANSACTION | |
| control field | 20230102180342.0 |
| 010 ## - LIBRARY OF CONGRESS CONTROL NUMBER | |
| LC control number | 83020380 |
| 020 ## - INTERNATIONAL STANDARD BOOK NUMBER | |
| International Standard Book Number | 0673159094 (pbk.) |
| 040 ## - CATALOGING SOURCE | |
| Transcribing agency | Nust |
| 082 00 - DEWEY DECIMAL CLASSIFICATION NUMBER | |
| Classification number | 372.1334,JUD |
| 100 1# - MAIN ENTRY--PERSONAL NAME | |
| Personal name | Judd, Dorothy H. |
| 9 (RLIN) | 106668 |
| 245 10 - TITLE STATEMENT | |
| Title | Mastering the micro : |
| Remainder of title | using the microcomputer in the elementary classroom / |
| Statement of responsibility, etc. | Dorothy H. Judd, Robert C. Judd. |
| 260 ## - PUBLICATION, DISTRIBUTION, ETC. | |
| Place of publication, distribution, etc. | Glenview, Ill. : |
| Name of publisher, distributor, etc. | Scott, Foresman, |
| Date of publication, distribution, etc. | c1984. |
| 300 ## - PHYSICAL DESCRIPTION | |
| Extent | viii, 152 p. : |
| Other physical details | ill. ; |
| Dimensions | 23 cm. |
| 490 0# - SERIES STATEMENT | |
| Series statement | A Good year book |
| 505 ## - FORMATTED CONTENTS NOTE | |
| Formatted contents note | Microcomputer Instruction (Page-1), Microcomputer Software (Page-33), Teacher – Made Instructional Programs (Page-61), Implications of CAI and CMI (Page-93), What Else Can a Microcomputer Do For Instruction ? (Page-117). |
| 650 #0 - SUBJECT ADDED ENTRY--TOPICAL TERM | |
| Topical term or geographic name entry element | Computer-assisted instruction |
| General subdivision | Computer programs. |
| 9 (RLIN) | 106669 |
| 650 #0 - SUBJECT ADDED ENTRY--TOPICAL TERM | |
| Topical term or geographic name entry element | Computer-assisted instruction |
| Geographic subdivision | United States. |
| 9 (RLIN) | 36489 |
| 650 #0 - SUBJECT ADDED ENTRY--TOPICAL TERM | |
| Topical term or geographic name entry element | Education, Elementary |
| Geographic subdivision | United States |
| General subdivision | Data processing. |
| 9 (RLIN) | 106670 |
| 700 1# - ADDED ENTRY--PERSONAL NAME | |
| Personal name | Judd, Robert C. |
| 9 (RLIN) | 106671 |
| 942 ## - ADDED ENTRY ELEMENTS (KOHA) | |
| Source of classification or shelving scheme | |
| Koha item type | Book |
| Call number prefix | 372.1334,JUD |
| Withdrawn status | Lost status | Source of classification or shelving scheme | Damaged status | Not for loan | Permanent Location | Current Location | Shelving location | Date acquired | Full call number | Barcode | Date last seen | Price effective from | Koha item type | Public note |
|---|---|---|---|---|---|---|---|---|---|---|---|---|---|---|
| Military College of Signals (MCS) | Military College of Signals (MCS) | General Stacks | 12/12/2016 | 372.1334,JUD | MCS1847 | 12/08/2016 | 12/12/2016 | Book | Almirah No.54, Shelf No.3 |
